000 00301 a2200085 4500
020 _a 9789881225276
100 _aNandini Bagchee
245 _aCity Works 7: Student Work 2012-2013: The City College of New York Bernard and Anne Spitzer School of Architecture
260 _bOscar Riera Ojeda Publishers
_c2016
999 _c13365
_d13365